Dobšiná welcome in the micro-region

Bibliographic Details
Other Authors: Vozár, Jozef, 1926-2010 (gup)
Format: Book
Language:English
PhysicalDescription:36 s. inf., fareb. fotogr., mp., 21 cm mapa mikroregiónu Dobšiná
Published: Dobšiná Town of Dobšiná 2003
ISBN:809690311X
Edition:[1. vyd.]
Subjects:

MARC

LEADER 00000nam a2200000 a 4500
001 vtls001467006
003 SK-MaSNL
005 20260301203519.0
008 200318s2003 xo ab g 0 eng
015 |a SNBE2004/02-00519 
020 |a 809690311X 
035 |a SNK000422311 
040 |a SNK  |b slo  |c SNK  |e AACR2 
041 0 |a eng 
044 |a xo  |c SK 
072 7 |a 913  |2 konspekt 
080 |a 91  |2 1981 
080 |a (437.6)  |2 1981 
080 |a (036)  |2 1981 
080 |a 908(437.6)(083.9)=111  |2 2. slo 
245 1 |a Dobšiná  |b welcome in the micro-region 
250 |a [1. vyd.] 
260 |a Dobšiná  |b Town of Dobšiná  |c 2003 
300 |a 36 s.  |b inf., fareb. fotogr., mp.,  |c 21 cm  |e mapa mikroregiónu Dobšiná 
500 |a 500 výt. 
500 |a Grafics: Jozef Vozár 
650 0 7 |a regionálna geografia  |2 konspekt  |9 822 
651 7 |a 603  |2 SNK  |9 290983 
651 7 |a 808  |2 SNK  |9 295457 
651 7 |a Spišská Nová Ves (Slovensko : okres)  |2 SNK  |9 22259 
651 7 |a Gočovo (Slovensko)  |2 SNK  |9 58511 
655 7 |a informačné publikácie  |2 SNK  |9 70181 
655 7 |a turistickí sprievodcovia (publikácie)  |2 SNK  |9 191298 
700 1 |a Vozár, Jozef,  |d 1926-2010  |4 gup  |9 26900 
919 |a 80-969031-1-X 
999 |c 902897  |d 904827 
952 |t P60, <03>, [BOOK], {603}  |a SNK  |b SNK  |y PREZ  |7 0  |p 17A0411828  |o snkOSC 22419  |i snkKSP 1061/2004  |0 0  |1 0  |4 0  |d 2004-01-27  |l 0  |r 2005-01-02 00:00:00  |w 2026-02-24